Biggest cities in the Netherlands - Statistics

General Stats
  • This quiz has been taken 21 times
  • The average score is 7 of 10
Answer Stats
Hint Answer % Correct
1 910,000 Amsterdam
100%
2 655,000 Rotterdam
100%
8 200,000 Groningen
90%
3 560,000 The Hague
90%
4 370,000 Utrecht
90%
5 240,000 Eindhoven
86%
10 180,000 Nijmegen
52%
9 185,000 Breda
48%
6 225,000 Tilberg
43%
7 220,000 Almere
38%
No matching quizzes found
Score Distribution
Percent of People with Each Score
Percentile by Number Answered
Your Score History
You have not taken this quiz